<?xml version="1.0" encoding="UTF-8"?>
<marc:record xmlns:marc="http://www.loc.gov/MARC21/slim">
   <marc:leader>00000nam a2200000 a 4500</marc:leader>
   <marc:datafield ind1="1" ind2=" " tag="100">
      <marc:subfield code="a">Blanck, Ulf</marc:subfield>
      <marc:subfield code="4">aut</marc:subfield>
      <marc:subfield code="e">Verfasser/-in</marc:subfield>
   </marc:datafield>
   <marc:datafield ind1="0" ind2="0" tag="245">
      <marc:subfield code="a">Die drei ??? Kids</marc:subfield>
   </marc:datafield>
   <marc:datafield ind1="0" ind2="0" tag="245">
      <marc:subfield code="b">Das gefährlichste Buch der Welt</marc:subfield>
   </marc:datafield>
   <marc:datafield ind1="0" ind2="0" tag="245">
      <marc:subfield code="c">Ulf Blanck</marc:subfield>
   </marc:datafield>
   <marc:datafield ind1=" " ind2="1" tag="264">
      <marc:subfield code="a">Stuttgart</marc:subfield>
      <marc:subfield code="b">Kosmos</marc:subfield>
      <marc:subfield code="c">2013</marc:subfield>
   </marc:datafield>
   <marc:datafield ind1="1" ind2=" " tag="520">
      <marc:subfield code="a">Justus, Peter und Bob finden ein Buch mit verschlossenen Seiten. Angeblich ist es verflucht. Doch davon lassen sich die drei nicht abhalten und öffnen mutig eine Seite nach der anderen. Doch was bedeuten die verschlüsselten Aufzeichnungen? Handelt es sich wirklich um das Forscherhandbuch eines Archäologenteams, das an einem geheimen Ort wertvolle Schätze aus der Urzeit ausgräbt? Eins ist auf jeden Fall klar: Wer in dem gefährlichen Buch liest, ist seines Lebens nicht mehr sicher ...</marc:subfield>
   </marc:datafield>
   <marc:datafield ind1=" " ind2=" " tag="020">
      <marc:subfield code="a">9783440136973</marc:subfield>
      <marc:subfield code="9">9783440136973</marc:subfield>
   </marc:datafield>
   <marc:datafield ind1=" " ind2=" " tag="020">
      <marc:subfield code="a">3440136973</marc:subfield>
      <marc:subfield code="9">3440136973</marc:subfield>
   </marc:datafield>
</marc:record>
